01117 a2200181 4500003000500000005001700005040000900022082001300031100001900044245004300063260002800106300001000134505061700144538003600761942001200797999001900809952010700828Nust20170207154123.0 cNust a621.3815 aP. A. Neeteson aJunction Transistors in pluse Circuits aLondonbPhillips c1962 a142 P aIntroduction (Page-1) Methods of writing differential Equations (Page-14) Solutions of differential equations (Page-59) Laplace Transformers (Page-86) Black Diagrams transfer functions (Page-130) Basic servo Chartersiscs (Page-169) Root Locus (Page-195)Specials Pole Zero Topics (page-251) Frequency Response (Page-278) SyQuest Stability Criterion (Page-323) Feedback Control Systems Performance (Page-354) Complex Control Systems (page-500) A-C Feedback control Systems (Page-553) Optimum Response (Page-582) Analog Computers (Page-631) Experimental and design procedures (Page-659) State of the Art (Page-683)  aAlmirah No. 126 and Shelf No. 3 2ddccBK c194400d194400 00102ddc40708NFICaMCSbMCSd2016-12-12l0o621.381528 NEEpMCS24815r2016-12-08w2016-12-12yBK